| 000 | 00886nam a22001817a 4500 | ||
|---|---|---|---|
| 003 | BR-ViAPE | ||
| 005 | 20260515120036.0 | ||
| 008 | 260515s1897 por agsf||||000 0 por d | ||
| 040 | _cBR-ViAPE | ||
| 245 | _aLivro tombo - Paróquia Nossa Senhora da Conceição de Guarapari | ||
| 260 |
_aGuarapari _b[s.l.] _c1897 |
||
| 300 |
_ahttps://ape.es.gov.br/Media/ape/PDF/Livros/Livros_Historicos/Obras_raras/seculo_XIX/APEES_OR_livro_tombo_parochia_1894.pdf _bDocumento digitalizado (PDF) |
||
| 500 | _aDocumento digitalizado do acervo institucional do Arquivo Público do Estado do Espírito Santo - APEES. | ||
| 650 |
_aHistória _zGuarapari (ES) |
||
| 651 | _aEspírito Santo (Brasil) | ||
| 856 |
_uhttps://ape.es.gov.br/Media/ape/PDF/Livros/Livros_Historicos/Obras_raras/seculo_XIX/APEES_OR_livro_tombo_parochia_1894.pdf _yCLIQUE AQUI PARA ACESSAR O DOCUMENTO |
||
| 942 |
_2ddc _cOBRAS_RARA _n1 |
||
| 999 |
_c680 _d680 |
||